Les joueurs les plus décisifs en 2025. - Statistiques

Statistiques générales
  • Ce quiz a été pris 203 fois
  • Le résultat moyen est 6 sur 10
Statistiques - réponses
G+A Joueur Nationalité Buts Passes
Décisives
% de match
avec G/A
% Correct
15 Kylian Mbappé France 14 1 100%
99%
14 Mohamed Salah Egypte 10 4 117%
95%
16 Ousmane Dembélé France 16 0 136%
94%
10 Erling Haaland Norvège 8 2 111%
88%
12 Serhou Guirassy Guinée 11 1 100%
68%
14 Bradley Barcola France 6 8 100%
62%
14 Raphinha Brésil 7 7 117%
62%
11 Rodrygo Brésil 7 4 73%
53%
11 Mateo Retegui Italie 10 1 92%
24%
10 Justin Kluivert Pays-bas 6 4 111%
3%
Aucun quiz correspondant
Distribution des résultats
% des personnes avec chaque résultat
Percentile par nombre de réponses
Votre historique - résultats
Vous n’avez pas pris ce quiz